00334nam a22000977a 450000500170000010000730001724500680009026000270015830000090018570000420019420260629120932.0 aKianat Aftaba21MSSE-18aSupervisor - Prof. Dr. Mukhtiar Ahmed Memon aAdaptive Triangular Node Controlling Routing ATNCR ( Thesis MS) aNawabshahbQUESTc2025 a86p. aDepartment of Information Technology